000 00484nam a2200181Ia 4500
005 20250603144556.0
008 250603s9999 xx 000 0 und d
020 _a97891123489775
050 _aQD 415 .G37/
100 _aGarban, Zeno
245 0 _aBiologically active substances usable in food, pharmaceutical and agrobiological fields
260 _aBoca Raton
260 _bCRC Press
260 _c2024
300 _axxii, 429p.: ill.
650 _aBoca Raton
942 _cBK
999 _c39329
_d39329